000 00722cam a2200229 a 4500
008
020 _a1856484424 (hbk.)
049 _aMAIN
090 _aTT699
_bCLA
100 1 _aClarke, Duncan.
245 1 4 _aThe art of African textiles /
_cDuncan Clarke.
260 _aSan Diego, California. :
_bThunder Bay Press,
_c1997.
300 _a128 p. :
_bill. (some col.) ;
_c37 cm.
504 _aIncludes bibliographical references.
650 0 _aTextile fabrics, Black
_zAfrica, Sub-Saharan.
650 0 _aTextile design
_zAfrica, Sub-Saharan.
907 _a.b10366817
_b07-04-16
_c02-12-15
003
005 20230123122210.0
040 _cNUST
942 _cBOOKS
_kTT699
_mCLA
999 _c129520
_d129520